00597cam a22002291 4500001001300000003000400013005001700017008004100034010001700075025001600092035002000108040002100128042001200149050001600161100003700177245004300214260001100257300003000268500001800298650003400316999001700350sa 68019972 DLC20260227112721.0940527s1966 ii a 000 0 sino  asa 68019972  aPL480:C-420 a(OCoLC)30507500 aDLCcCUdCUdDLC apremarc00aBQ356b.P591 aPiyananda, Henpitagedara,d1920-10aBauddha saṃskr̥tiyē pătirīma. c[1966] axiv, 219 p.bill.c19 cm. aIn Sinhalese. 0aBuddhismzSri LankaxHistory. c89173d89173